00927 a2200133 4500020001800000082001500018100002000033245009400053260003700147300001200184500003000196520054700226650002000773 a9781107594722 a347bGUT-C aGutteridge, H.C aComparative Law b: An Introduction to the Comparative Method of Legal Study and Research bCambridge University Pressc2015 a226,pp. aInclude Appendix & Index. aFirst published in 1946, this book formed part of the Cambridge Studies in International and Comparative Law series. The text was written with three key aims: to explain the origin and meaning of comparative law; to describe the purposes for which the comparative method of legal study can be utilised; and to estimate the value of comparative law as an instrument for the growth and development of the law. Tables of cases and statutes are included. This book will be of value to anyone with an interest in comparative law and legal history. aComparative law